| 000 | 00501nam a2200169 a 4500 | ||
|---|---|---|---|
| 001 | 000036269 | ||
| 005 | 20200930075634.0 | ||
| 008 | 120112s1987 sp a 000 0 spa d | ||
| 020 | _a8486251680 | ||
| 040 |
_aDO-SdBNP _bspa _cBNPHU |
||
| 082 |
_axxx _bR846e |
||
| 100 | 1 |
_aRothman, Kenneth J. _962382 |
|
| 240 | 1 | 0 |
_aModern epidemiology _lEspañol |
| 245 | 1 | 0 |
_aEpidemiología moderna / _cKenneth J. Rothman. |
| 260 |
_aMadrid : _bEdiciones Díaz de Santos, _c1987. |
||
| 300 |
_a397 p. : _bil. ; _c25 cm. |
||
| 999 |
_c35760 _d35760 |
||